000 00709nam a22002297a 4500
003 UA-OsUOA
001 40747
007 ta
008 20060830b un ||||| |||| 00| 0 ukr d
090 _a930.1
_bІ-90
942 _cBK
040 _aUA-OsUOA
_bukr
_cUA-OsUOA
_dUA-OsUOA
245 _aІсторична наука на порозі ХХІ століття
_bМатеріали всеукраїнської конференції
300 _a353 с.
955 _a2
041 _aukr
080 _a930.1
020 _a5-7707-6014-1
260 _aХарків
_c1995
650 7 _a930 Історична наука. Допоміжні історичні дисципліни
_2UDC
999 _c326886
_d326886